000 01530nam0a2200313 4500
001 RU\NLR\bibl\1730981
005 20250616075707.0
021 _aRU
_b2010-105135
_97101
035 _a(NLR Aleph) 001721933
090 _a1345278
_c1345278
100 _a20110203d2010 |||y0rusy50 ca
101 0 _arus
102 _aRU
105 _ay |||||||||
200 1 _aРабота с базами данных в СУБД MySQL
_eучебное пособие
_fГ.С. Евсеев, Е.Ю. Леонова, Ю.В. Щеткина
_gФедерал. агентство по образованию, Гос. образоват. учреждение высш. проф. образования С.-Петерб. гос. ун-т аэрокосм. приборостроения
210 _aСанкт-Петербург
_cГУАП
_d2010
215 _a36 с.
_d21
320 _aБиблиогр.: с. 35 (3 назв.)
606 1 _aMYSQL, система управления базами данных
_jУчебные издания для высших учебных заведений
_92192477
_3RU\NLR\auth\661317886
686 _aЗ973.233-018.2я73-1
700 1 _aЕвсеев
_bГ. С.
_gГригорий Сергеевич
_4070
701 1 _aЛеонова
_bЕ. Ю.
_gЕкатерина Юрьевна
_4070
701 1 _aЩеткина
_bЮ. В.
_gЮнна Викторовна
_4070
801 0 _aRU
_bNLR
_c20110203
_gRCR
801 1 _aRU
_bNLR
_c20110203
830 _aавт. по кн.
942 _cBOOK
980 _aNB